| 000 | 00477cam a2200205ua 4500 | ||
|---|---|---|---|
| 001 | 7601 | ||
| 008 | 141218n ii |||gr||||Z||||||asm | ||
| 040 | _cMAIN | ||
| 041 | _aasm | ||
| 082 | _a346.066 | ||
| 100 |
_aKalita, K., _eAuthor. |
||
| 245 |
_aKompani ain _cBy Krishnakanta Kalita |
||
| 250 | _a1st. | ||
| 260 |
_aGuwahati: _bPublication, _c1994. |
||
| 300 | _a145p. | ||
| 653 | _aPrivate law | ||
| 653 | _aCompany law | ||
| 700 |
_aBaruah, N., _eAuthor. |
||
| 942 | _cBK | ||
| 999 |
_c6723 _d6723 |
||